| 000 | 00542nam a22002057a 4500 | ||
|---|---|---|---|
| 003 | OSt | ||
| 005 | 20160205182725.0 | ||
| 008 | 160205b xxu||||| |||| 00| 0 eng d | ||
| 020 | _a0750655364 | ||
| 040 | _cDDC. | ||
| 082 | _a658.8MAR 2003. | ||
| 100 |
_aEdited by Baker,J.Michael; _96728 |
||
| 245 | _aThe Marketing Book; | ||
| 250 | _a5th ed. | ||
| 260 |
_aBoston. _bButterworth Heinemann. _c2003. |
||
| 300 |
_axxxviii,834p; _bill; _c26cm |
||
| 504 | _aincludes index and References. | ||
| 650 |
_aMarketing. _9518 |
||
| 942 |
_2ddc _cSLOAN |
||
| 999 |
_c2987 _d2987 |
||